000 00835cab a22002055a 4500
001 L152031
008 110126e20110122xxk 000 0 eng d
035 _a(Sirsi) u152031
041 0 _aeng
100 1 _aGallimore, Michael
245 0 0 _aSociety building
260 _c2011
490 _aEstates Gazette
_v(1103) 22 January 2011, 74-76(3)
520 _aConsiders how proposals outlined in the Decentralisation and Localism Bill will effect the plannng system based on the principles of decentralisation and leaving decisions to local communities including proposals to draw up neighbourhood development plans (NDPs) and neighbourhood development orders (NDOs).
590 _aKA
650 2 4 _aDECENTRALISATION AND LOCALISM BILL
651 4 _aEngland and Wales
_y1543-
690 _aPlanning and development
_96259
942 _n0
999 _c82886
_d82886